01001cam a22002654a 4500999001500000001000500015003000900020005001700029008004100046040003800087082002000125100002200145245008100167250002400248260004500272300002900317500002000346520005300366650002700419650002000446700002100466942001200487952011800499952011800617 c1721d17219358BD-DhUAP20200212161624.0200212s2005 pk l 001 0 eng  aBD-DhUAPcBD-DhUAPbEngdBD-DhUAP 223a347.052 MAH aMahmood, Shaukat.10aThe Limitation Act :bact IX of 1908 /cShaukat Mahmood and Nadeem Shaukat. a4th rev. & enl. ed. aLahore :bLegal research centre,cc2005. aiv, 1094 pages ;c22 cm. aIncludes index. aWith latest amendments and up-to-date case laws. 0aLimitation of actions. 0aLimitation act. aShaukat, Nadeem. 2ddccBK 00102ddc4070aUAPCLbUAPCLcGeneral Stacksd2020-02-12o347.052 MAHp3010009358r2020-02-12t1w2020-02-12yBK 00102ddc4070aUAPCLbUAPCLcGeneral Stacksd2020-02-12o347.052 MAHp3010009357r2020-02-12t2w2020-02-12yBK